000 00723nam a2200253Ia 4500
003 OSt
005 20221005032347.0
006 a|||||r|||| 00| 0
007 ta
008 221004b |||||||| |||| 00| 0 eng d
024 _a29314
037 _cTextual
040 _aCRL
_cCRL
_beng
041 _2eng
_aeng
082 _aH4225n1,N78, L8 RR
100 _aBorgese Elisabeth Mann Ed.
_9370170
245 0 _aOcean yearbook 1978
260 _aChicago
_bUniversity of Chicago
_c1978
300 _a890p
_ccm.
650 _aGEOLOGY
700 _a Ginsburg Norton Ed.
942 _hH4225n1,N78, L8 RR
_cTEXL
_2cc
999 _c939616
_d939616